| 000 | 01034nam1a22003491 4500 | ||
|---|---|---|---|
| 001 | RU\NLR\A1SV\100996 | ||
| 005 | 20260120144014.0 | ||
| 035 | _a(NLR Aleph) 009782349 | ||
| 090 |
_a10100917 _c10100917 |
||
| 100 | _a20100209d1925 u y0rusy50 ca | ||
| 101 | 0 | _arus | |
| 102 | _aRU | ||
| 200 | 1 |
_aПеревал _e[Альманах] _fПод ред. Артема Веселого [и др.] _gПри ред. журн. Красная новь |
|
| 210 |
_aМ. _cГос. изд-во _d[1925] |
||
| 215 | _d22 см | ||
| 620 | _dМосква | ||
| 702 | 1 |
_aВеселый _bА. _f1899-1939 _gАртем |
|
| 702 | 1 |
_aБарсуков _bМ. |
|
| 801 | 0 |
_aRU _bNLR _c20100209 |
|
| 852 |
_aNLR _j10/248 |
||
| 852 |
_aNLR _j98-5/4605 |
||
| 852 |
_aNLR _j98-5/4605а |
||
| 899 | _aГПИБ | ||
| 899 |
_aТОУНБ _z(Сб.1) |
||
| 899 | _aРГБ | ||
| 899 |
_aКирОУНБ _z(Сб. 2,3,4) |
||
| 899 |
_aМГУ _z(кроме кн.4) |
||
| 899 |
_aSLK _z(Сб.1-2, кн.4) |
||
| 942 | _cBOOK | ||
| 980 | _aA1SV | ||
| 980 | _aNB | ||